|
|
|
|
| LEADER |
00000nam0a2200000 4500 |
| 001 |
338256 |
| 005 |
20231102005029.0 |
| 035 |
|
|
|a (RuTPU)RU\TPU\book\364745
|
| 090 |
|
|
|a 338256
|
| 100 |
|
|
|a 20171122d1963 m y0rusy50 ca
|
| 101 |
0 |
|
|a fre
|a rus
|
| 102 |
|
|
|a RU
|
| 105 |
|
|
|a a j 001zy
|
| 200 |
1 |
|
|a Учитесь читать гезету на французском языке
|e краткий самоучитель
|f В. Г. Гак
|g Московский государственный институт международных отношений (МГИМО-Университет)
|
| 210 |
|
|
|a Москва
|c Изд-во ИМО
|d 1963
|
| 215 |
|
|
|a 152 с.
|c ил.
|
| 320 |
|
|
|a Библиогр.: с. 152
|
| 606 |
1 |
|
|a Французский язык
|x Учебные руководства и пособия для средней школы.Самообразования
|2 stltpush
|3 (RuTPU)RU\TPU\subj\16835
|9 42735
|
| 610 |
1 |
|
|a лексика
|
| 610 |
1 |
|
|a грамматика
|
| 610 |
1 |
|
|a чтение
|
| 610 |
1 |
|
|a газетная лексика
|
| 610 |
1 |
|
|a газетные публикации
|
| 610 |
1 |
|
|a газетные статьи
|
| 686 |
|
|
|a Ш147.11-922
|v LBC/SL-A
|2 rubbk
|
| 700 |
|
1 |
|a Гак
|b В. Г.
|g Владимир Григорьевич
|
| 712 |
0 |
2 |
|a Московский государственный институт международных отношений (МГИМО-Университет)
|2 stltpush
|3 (RuTPU)RU\TPU\col\364
|
| 801 |
|
1 |
|a RU
|b 63413507
|c 20171122
|
| 801 |
|
2 |
|a RU
|b 63413507
|c 20220525
|g RCR
|
| 942 |
|
|
|c BK
|